| 000 | 00426nam a2200157 4500 | ||
|---|---|---|---|
| 001 | 122758 | ||
| 003 | ES-MaACL | ||
| 005 | 20230906192033.0 | ||
| 007 | t| | ||
| 008 | 070214s1969 sp r ||||1| spa d | ||
| 100 | 1 |
_aPuigvert, A. _994308 |
|
| 245 | 1 | 0 |
_aEndoscopia urinaria / _cpor A. Puigvert. |
| 260 |
_aBarcelona : _bECO, _c1969. |
||
| 300 |
_a148 p., 52 lám. : _bil. ; _c28 cm. |
||
| 852 |
_aES-MaACL _jC-37530 _bR.73177 |
||
| 999 |
_c122758 _d122758 |
||